Philippine Provinces - Sudden Death - Statistics

General Stats
  • This quiz has been taken 92 times
  • The average score is 13 of 25
Answers on the Grid
Answers color-coded by a green-red scale on the quiz's grid according to % correct below.
Antique
Aklan
Camarines Sur
Negros Oriental
Davao de Oro
Davao del Norte
Maguindanao del Norte
Negros Occidental
Iloilo
Isabella
Ilocos Norte
Cebu
Cavite
Catanduanes
Marinduque
Mountain Province
Misamis Oriental
Zambales
Tawi-Tawi
Kalinga
Biliran
Bohol
Guimaras
Aurora
Basilan
Bonifacio
Catanduanes del Norte
Siquijor del Sur
Spratly del Norte
McArthur
Manila del Norte
Pacquiao
Julian Felipe
Marcos Sur
Negros del Sur
Western Guimaras
Northern Palawan
Southern Cagayan
Western Rizal
Celebes del Norte
Maranao del Sur
Western Iloilo
Agusan de Oro
Nueva Bisaya
Eastern Bohol
Baclayon
Bacolod
Quezon de Oro
Magsaysay
Western Ramos
 
Answer Stats
Answer % Correct
Aklan
65%
Bohol
63%
Guimaras
60%
Ilocos Norte
60%
Aurora
58%
Cavite
58%
Iloilo
58%
Isabella
58%
Antique
56%
Negros Occidental
56%
Tawi-Tawi
56%
Kalinga
53%
Misamis Oriental
53%
Biliran
51%
Catanduanes
51%
Cebu
51%
Negros Oriental
51%
Camarines Sur
49%
Zambales
49%
Basilan
47%
Marinduque
47%
Davao del Norte
44%
Mountain Province
40%
Maguindanao del Norte
33%
Davao de Oro
30%
No matching quizzes found
Score Distribution
Percent of People with Each Score
Percentile by Number Answered
Your Score History
You have not taken this quiz